00430nam a22001697a 4500020001800000082001200018100001800030245003200048260003500080300000900115490005400124505003000178650001500208650001600223650001200239650000900251 a9789552310935 a510 HAN aHaniffa,M.R.M aBasic Mathematics : Unit 1  aColombobOpen Universityc2009 a236p aMathematics for chemistry and biology- PSE 3117 aBachelor Science :Level 3 a chemistry aMathematics abiology aOUSL